Pays du Monde avec un N en deuxième lettre - Statistiques

Statistiques générales
  • Ce quiz a été pris 204 fois
  • Le résultat moyen est 4 sur 5
Statistiques - réponses
Réponse % Correct
Inde
88%
Angola
86%
Andorre
85%
Indonésie
85%
Antigua-et-Barbuda
74%
Aucun quiz correspondant
Distribution des résultats
% des personnes avec chaque résultat
Percentile par nombre de réponses
Votre historique - résultats
Vous n’avez pas pris ce quiz